000
00352nam a2200169Ia 4500
100
_a
Ambawade/Dayanand
650
_a
Linux
942
_c
BK
366
_f
20
654
_a
Linux lab
245
_a
Linux Lab: Hands on Linux
260
_b
Dreamtech
_c
2009
082
_a
5.133
_b
AMB
300
_a
274
546
_a
ENGLISH
_c
electronics
999
_c
27020
_d
27020